00497 a2200157 450000500170000001000150001702000290003203500140006103700130007508200100008810000260009824500800012426000450020427000680024930000220031720211227104025.0 aENG-130652 a978-0190-123-987c895.00 aEN-114184 bDBAD/PUB a954.2 aHawley, John Stratton aKrishna's Playground:cJohn Stratton HawleybVrindavan in the 21st Century/ aNew DelhibOxford University Pressc2020 a22 Workspace, 2nd Floor, 1/22, Asaf Ali RoadbNew Delhie110002 a361p.c21cm (pbk)